[Event "SVK-chT4 A21 1920"]
[Site "Slovakia"]
[Date "2020.02.23"]
[Round "9.3"]
[White "Fajtakova, Silvia"]
[Black "Dubecky, Ladislav"]
[Result "1-0"]
[WhiteElo "1514"]
[BlackElo "1565"]
[PlyCount "55"]
[EventDate "2019.10.13"]
[EventType "team-tourn"]
[EventRounds "11"]
[EventCountry "SVK"]
[SourceTitle "CBM 195 Extra"]
[Source "ChessBase"]
[SourceDate "2020.05.31"]
[SourceVersion "1"]
[SourceVersionDate "2020.05.31"]
[SourceQuality "1"]
[WhiteTeam "Stefanov"]
[BlackTeam "Kopcany"]
[WhiteTeamCountry "SVK"]
[BlackTeamCountry "SVK"]

1. e4 e5 2. Nf3 d6 3. c3 Nf6 4. Qc2 Bg4 5. Be2 Be7 6. Qb3 b6 7. Ng5 0-0 8. Bc4 Qe8 9. f3 Bd7 10. a3 h6 11. Nh3 Bxh3 12. gxh3 Nh5 13. d4 Bh4+ 14. Kd1 Kh8 15. Be3 f5 16. Nd2 fxe4 17. fxe4 exd4 18. cxd4 Qd7 19. Be6 Qe7 20. Qd5 c6 21. Qxh5 Na6 22. Bf5 Qf6 23. Rg1 c5 24. Rg6 Qe7 25. Bxh6 Kg8 26. Rxg7+ Qxg7 27. Bxg7 Kxg7 28. Qg4+ 1-0

[Event "SVK-chT4 A21 1920"]
[Site "Slovakia"]
[Date "2019.10.13"]
[Round "1.4"]
[White "Jancovicova, Petra"]
[Black "Dubecky, Ladislav"]
[Result "1-0"]
[WhiteElo "1671"]
[BlackElo "1565"]
[PlyCount "81"]
[EventDate "2019.10.13"]
[EventType "team-tourn"]
[EventRounds "11"]
[EventCountry "SVK"]
[SourceTitle "CBM 193 Extra"]
[Source "ChessBase"]
[SourceDate "2020.01.31"]
[SourceVersion "1"]
[SourceVersionDate "2020.01.31"]
[SourceQuality "1"]
[WhiteTeam "Vrbove"]
[BlackTeam "Kopcany"]
[WhiteTeamCountry "SVK"]
[BlackTeamCountry "SVK"]

1. e4 e5 2. Nf3 d6 3. d4 exd4 4. Nxd4 Nf6 5. Nc3 Be7 6. Bc4 0-0 7. 0-0 a6 8. a3 c5 9. Nf3 Be6 10. Bxe6 fxe6 11. Ng5 Qc8 12. Na4 Qc6 13. c4 b5 14. Nxe6 bxa4 15. Nxf8 Bxf8 16. f3 Nbd7 17. Qc2 Nb6 18. Rd1 Be7 19. Bf4 Nh5 20. Be3 Rf8 21. Rd2 g6 22. Rad1 Nd7 23. Bh6 Ng7 24. f4 Rf7 25. e5 Rf5 26. exd6 Bf6 27. g4 Qf3 28. gxf5 Nxf5 29. Rf1 Qg4+ 30. Rg2 Bd4+ 31. Kh1 Qh4 32. Qe4 Qxh6 33. Qxf5 Qg7 34. Qe6+ Kf8 35. f5 Qf6 36. Qxd7 Be5 37. Qc8+ Kg7 38. d7 Bd6 39. d8Q Be7 40. Qh8+ Kh6 41. Qxf6 1-0

[Event "SVK-chT4 A21 1819"]
[Site "Slovakia"]
[Date "2018.12.16"]
[Round "5.3"]
[White "Dubecky, Ladislav"]
[Black "Blatnicky, Miroslav"]
[Result "0-1"]
[WhiteElo "1585"]
[BlackElo "2096"]
[PlyCount "110"]
[EventDate "2018.10.14"]
[EventType "team-tourn"]
[EventRounds "11"]
[EventCountry "SVK"]
[SourceTitle "CBM 189 Extra"]
[Source "ChessBase"]
[SourceDate "2019.06.03"]
[SourceVersion "1"]
[SourceVersionDate "2019.06.03"]
[SourceQuality "1"]
[WhiteTeam "Kopcany"]
[BlackTeam "Vrbove"]
[WhiteTeamCountry "SVK"]
[BlackTeamCountry "SVK"]

1. e4 e6 2. f4 d5 3. exd5 exd5 4. Nf3 Bd6 5. d4 Ne7 6. Bd3 Bf5 7. 0-0 0-0 8. Ne5 f6 9. Nf3 Re8 10. Nh4 Bxd3 11. Qxd3 Nd7 12. Nc3 c6 13. Rf3 Nf8 14. f5 Qc7 15. Rh3 Nc8 16. Bd2 Bf4 17. Bxf4 Qxf4 18. Rf1 Qc7 19. Qf3 Nd6 20. Qh5 Nf7 21. Rg3 Ng5 22. Nf3 Nxf3+ 23. Qxf3 Qb6 24. Qg4 Re7 25. b3 Qc7 26. Ne2 Re4 27. Rf4 Rae8 28. Rxe4 Rxe4 29. Qf3 Qe7 30. Kf2 Qa3 31. Qh5 Qxa2 32. Qh6 Re7 33. Qxf6 Rf7 34. Qe5 Qxc2 35. Rf3 a5 36. g4 a4 37. bxa4 Qxa4 38. h4 Qb4 39. Re3 Nd7 40. Qg3 Nf6 41. Kf3 Re7 42. Qb8+ Kf7 43. Rxe7+ Qxe7 44. Nc3 Ne4 45. Ne2 Nd6 46. Nc3 h5 47. Qh8 Qxh4 48. Qxh5+ Qxh5 49. gxh5 Nxf5 50. Ne2 b5 51. Kf2 Kf6 52. Ke1 Kg5 53. Kd2 Kxh5 54. Kc3 Kg4 55. Kb4 Kf3 0-1

[Event "SVK-chT4 A21 1819"]
[Site "Slovakia"]
[Date "2018.11.11"]
[Round "3.4"]
[White "Kastler, Peter"]
[Black "Dubecky, Ladislav"]
[Result "1-0"]
[WhiteElo "1741"]
[BlackElo "1585"]
[PlyCount "77"]
[EventDate "2018.10.14"]
[EventType "team-tourn"]
[EventRounds "11"]
[EventCountry "SVK"]
[SourceTitle "CBM 189 Extra"]
[Source "ChessBase"]
[SourceDate "2019.06.03"]
[SourceVersion "1"]
[SourceVersionDate "2019.06.03"]
[SourceQuality "1"]
[WhiteTeam "Gbely Nafta III"]
[BlackTeam "Kopcany"]
[WhiteTeamCountry "SVK"]
[BlackTeamCountry "SVK"]

1. d4 Nf6 2. c4 e6 3. Nf3 d5 4. e3 Be7 5. Be2 0-0 6. 0-0 Nc6 7. Nc3 dxc4 8. Bxc4 Bd6 9. b3 a6 10. Bb2 b5 11. Be2 Nb4 12. Rc1 Bb7 13. a3 Nbd5 14. Nxd5 Nxd5 15. Nd2 Nf6 16. Bf3 Bxf3 17. Qxf3 Qe7 18. b4 Qd8 19. Nb3 Rc8 20. Qb7 Ng4 21. g3 Qg5 22. Qg2 Nxe3 23. fxe3 Qxe3+ 24. Qf2 Qxb3 25. Rc3 Qd5 26. Rf3 Qh5 27. Re1 Qg6 28. Qd2 f5 29. d5 Rce8 30. dxe6 Rxe6 31. Qd5 Rff6 32. Bxf6 gxf6 33. Qxe6+ Kg7 34. Qxf5 Qf7 35. Re6 Be7 36. Rfe3 Bd8 37. Qg4+ Kh6 38. h4 c6 39. Qg5# 1-0

[Event "SVK-chT4A21 1314"]
[Site "Slovakia"]
[Date "2014.03.30"]
[Round "11.4"]
[White "Kanka, Tomas"]
[Black "Dubecky, Ladislav"]
[Result "1-0"]
[WhiteElo "1688"]
[BlackElo "1675"]
[PlyCount "79"]
[EventDate "2013.10.06"]
[EventType "team-tourn"]
[EventRounds "11"]
[EventCountry "SVK"]
[SourceTitle "EXT 2022"]
[Source "ChessBase"]
[SourceDate "2021.10.06"]
[SourceVersion "1"]
[SourceVersionDate "2021.10.06"]
[SourceQuality "1"]
[WhiteTeam "Stefanov"]
[BlackTeam "Kopcany"]
[WhiteTeamCountry "SVK"]
[BlackTeamCountry "SVK"]

1. e4 e5 2. Nf3 d6 3. d4 exd4 4. Nxd4 Nf6 5. Nc3 Be7 6. Be2 0-0 7. 0-0 a6 8. Re1 c5 9. Nf3 Nc6 10. a3 b5 11. Bf1 Qc7 12. Nd5 Nxd5 13. exd5 Ne5 14. Nxe5 dxe5 15. c4 bxc4 16. Bxc4 Bd6 17. Qh5 f5 18. Rxe5 Kh8 19. Re8 Bb7 20. Rxa8 Rxa8 21. Bd2 g6 22. Qh6 Be5 23. Bg5 Bg7 24. Qh4 Qe5 25. Rd1 Re8 26. d6 Bc6 27. d7 Bxd7 28. Rxd7 Qe1+ 29. Bf1 Qe6 30. Ra7 Qb6 31. Rxa6 Qxb2 32. Rxg6 Re1 33. Bf6 Rxf1+ 34. Kxf1 Qb5+ 35. Kg1 Qd3 36. h3 Qd1+ 37. Kh2 Qd6+ 38. g3 Bxf6 39. Qxf6+ Qxf6 40. Rxf6 1-0

[Event "SVK-chT4A21 1314"]
[Site "Slovakia"]
[Date "2014.01.26"]
[Round "7.3"]
[White "Dubecky, Ladislav"]
[Black "Jarabek, Milan"]
[Result "1/2-1/2"]
[WhiteElo "1675"]
[BlackElo "1744"]
[PlyCount "67"]
[EventDate "2013.10.06"]
[EventType "team-tourn"]
[EventRounds "11"]
[EventCountry "SVK"]
[SourceTitle "EXT 2022"]
[Source "ChessBase"]
[SourceDate "2021.10.06"]
[SourceVersion "1"]
[SourceVersionDate "2021.10.06"]
[SourceQuality "1"]
[WhiteTeam "Kopcany"]
[BlackTeam "Skalica III"]
[WhiteTeamCountry "SVK"]
[BlackTeamCountry "SVK"]

1. e4 d6 2. f4 c5 3. Nf3 Nc6 4. Bc4 Nf6 5. Nc3 e6 6. 0-0 a6 7. a4 Be7 8. d3 0-0 9. Bd2 d5 10. Ba2 Nb4 11. Bb1 dxe4 12. dxe4 b6 13. e5 Nfd5 14. Nxd5 Nxd5 15. c4 Nb4 16. Bxb4 Qxd1 17. Rxd1 cxb4 18. Be4 Ra7 19. b3 Rd7 20. Bc6 Rxd1+ 21. Rxd1 Rd8 22. Rxd8+ Bxd8 23. Ne1 f6 24. Nd3 Be7 25. Kf1 Bc5 26. Ke2 Kf7 27. h3 a5 28. Kf3 Ke7 29. g4 Bd7 30. Bb7 Be8 31. Be4 h6 32. h4 Bd4 33. h5 Bc5 34. Kg3 1/2-1/2

[Event "SVK-chT4A21 1314"]
[Site "Slovakia"]
[Date "2013.11.17"]
[Round "4.4"]
[White "Kosiarcik, Maximilian"]
[Black "Dubecky, Ladislav"]
[Result "1-0"]
[WhiteElo "1239"]
[BlackElo "1675"]
[PlyCount "81"]
[EventDate "2013.10.06"]
[EventType "team-tourn"]
[EventRounds "11"]
[EventCountry "SVK"]
[SourceTitle "EXT 2022"]
[Source "ChessBase"]
[SourceDate "2021.10.06"]
[SourceVersion "1"]
[SourceVersionDate "2021.10.06"]
[SourceQuality "1"]
[WhiteTeam "Vrbove II"]
[BlackTeam "Kopcany"]
[WhiteTeamCountry "SVK"]
[BlackTeamCountry "SVK"]

1. e4 e5 2. Nf3 d6 3. d4 exd4 4. Nxd4 Nf6 5. Nc3 Bg4 6. f3 Bd7 7. Bc4 Nc6 8. Bg5 Be7 9. Qd2 0-0 10. h4 Ne5 11. Bb3 g6 12. 0-0-0 a5 13. f4 Neg4 14. f5 Ne5 15. fxg6 hxg6 16. a3 c5 17. Nf3 Bg4 18. Rdf1 b5 19. Nxe5 b4 20. Nxg4 bxc3 21. Qxc3 Nxg4 22. Rf4 Ne5 23. Bh6 g5 24. Rf5 gxh4 25. Rhf1 Kh7 26. Bxf8 Bxf8 27. Bxf7 Rb8 28. Rh5+ Bh6+ 29. Kb1 a4 30. Qe3 Nxf7 31. Rxf7+ Kg6 32. Qf3 Rxb2+ 33. Kxb2 Bg7+ 34. Ka2 Qc8 35. Qf5+ Qxf5 36. Rfxf5 Be5 37. Rxe5 dxe5 38. Rxe5 Kf6 39. Rxc5 Ke6 40. Rd5 Kf6 41. c4 1-0

[Event "SVK-chT4A21 1314"]
[Site "Slovakia"]
[Date "2013.10.06"]
[Round "1.4"]
[White "Dubecky, Ladislav"]
[Black "Hrubsa, Marian"]
[Result "0-1"]
[WhiteElo "1675"]
[BlackElo "1801"]
[PlyCount "88"]
[EventDate "2013.10.06"]
[EventType "team-tourn"]
[EventRounds "11"]
[EventCountry "SVK"]
[SourceTitle "EXT 2022"]
[Source "ChessBase"]
[SourceDate "2021.10.06"]
[SourceVersion "1"]
[SourceVersionDate "2021.10.06"]
[SourceQuality "1"]
[WhiteTeam "Kopcany"]
[BlackTeam "Skalica II"]
[WhiteTeamCountry "SVK"]
[BlackTeamCountry "SVK"]

1. e4 e6 2. f4 d5 3. e5 c5 4. Nf3 Nc6 5. Bb5 Bd7 6. Bxc6 Bxc6 7. d4 Nh6 8. c3 Be7 9. 0-0 Qb6 10. Na3 Rc8 11. Ng5 cxd4 12. cxd4 Nf5 13. Nc2 Bb5 14. Rf3 Rxc2 15. Qxc2 Nxd4 16. Qc8+ Bd8 17. Kh1 Nxf3 18. Nxf3 Bc6 19. Qb8 0-0 20. Qd6 Qb5 21. Be3 Qxb2 22. Rc1 Bb6 23. Bxb6 Qxb6 24. Qc5 Qb2 25. a3 h6 26. Qc3 Qf2 27. Qd2 Qb6 28. Nd4 Rc8 29. h3 Qd8 30. g3 Bd7 31. Rxc8 Qxc8 32. Qc2 Qxc2 33. Nxc2 Kf8 34. Kg1 Ke7 35. Kf2 f6 36. Ke3 fxe5 37. fxe5 Kf7 38. h4 Kg6 39. g4 h5 40. Kf4 hxg4 41. Kxg4 Ba4 42. Nd4 a5 43. Nxe6 Bd7 44. h5+ Kf7 0-1

[Event "SVK-chT4A21 1213"]
[Site "Slovakia"]
[Date "2013.03.17"]
[Round "11.4"]
[White "Vach, Jozef"]
[Black "Dubecky, Ladislav"]
[Result "1-0"]
[WhiteElo "1793"]
[BlackElo "1557"]
[PlyCount "90"]
[EventDate "2012.10.14"]
[EventType "team-tourn"]
[EventRounds "11"]
[EventCountry "SVK"]
[SourceTitle "EXT 2022"]
[Source "ChessBase"]
[SourceDate "2021.10.06"]
[SourceVersion "1"]
[SourceVersionDate "2021.10.06"]
[SourceQuality "1"]
[WhiteTeam "Skalica II"]
[BlackTeam "Kopcany"]
[WhiteTeamCountry "SVK"]
[BlackTeamCountry "SVK"]

1. d4 Nf6 2. c4 e6 3. Nf3 Be7 4. Nc3 0-0 5. e4 d5 6. e5 Nfd7 7. cxd5 Nb6 8. dxe6 Bxe6 9. Be3 Nd5 10. Nxd5 Bxd5 11. Be2 Bb4+ 12. Bd2 Bxf3 13. Bxb4 Bxe2 14. Qxe2 Re8 15. Bc3 Qd5 16. 0-0 Nc6 17. Qg4 Re6 18. f4 Rg6 19. Qf3 Ne7 20. f5 Qxf3 21. Rxf3 Ra6 22. a3 Nd5 23. Kf2 b5 24. b4 Rc6 25. Rc1 a5 26. bxa5 Rxa5 27. Bxa5 Rxc1 28. Rb3 c6 29. a4 Ra1 30. axb5 Rxa5 31. bxc6 Ra8 32. Kf3 Kf8 33. Ke4 Nc7 34. Rb7 Rc8 35. d5 g6 36. g4 Na6 37. Kd4 gxf5 38. gxf5 h6 39. Kc4 Ke8 40. Ra7 Nb8 41. Kc5 Rd8 42. e6 fxe6 43. fxe6 Rc8 44. Rh7 Na6+ 45. Kd6 Nb4 1-0

[Event "SVK-chT4A21 1213"]
[Site "Slovakia"]
[Date "2013.01.06"]
[Round "6.3"]
[White "Jarabek, Milan"]
[Black "Dubecky, Ladislav"]
[Result "0-1"]
[WhiteElo "1663"]
[BlackElo "1557"]
[PlyCount "76"]
[EventDate "2012.10.14"]
[EventType "team-tourn"]
[EventRounds "11"]
[EventCountry "SVK"]
[SourceTitle "EXT 2022"]
[Source "ChessBase"]
[SourceDate "2021.10.06"]
[SourceVersion "1"]
[SourceVersionDate "2021.10.06"]
[SourceQuality "1"]
[WhiteTeam "Skalica III"]
[BlackTeam "Kopcany"]
[WhiteTeamCountry "SVK"]
[BlackTeamCountry "SVK"]

1. d4 Nf6 2. c4 e6 3. Nf3 d5 4. Bg5 Be7 5. Nc3 0-0 6. e3 Nc6 7. a3 a6 8. Qc2 Nd7 9. Bxe7 Nxe7 10. Bd3 g6 11. 0-0 dxc4 12. Bxc4 b5 13. Bb3 Bb7 14. Ng5 Nd5 15. Bxd5 exd5 16. Nf3 Rc8 17. b4 Nb6 18. Ne2 Nc4 19. Nf4 Re8 20. Nd3 Ra8 21. Nc5 Bc8 22. a4 Bf5 23. Qc3 Qe7 24. axb5 axb5 25. Rxa8 Rxa8 26. Ra1 Rxa1+ 27. Qxa1 Qe8 28. Qa7 c6 29. Kf1 h6 30. Ke2 Kg7 31. Na6 Qe4 32. Ne5 Qc2+ 33. Kf3 Qd1+ 34. Kf4 Nd6 35. h4 Qg1 36. Qe7 Qxf2+ 37. Nf3 Ne4 38. Qe5+ Kh7 0-1

[Event "SVK-chT4A21 1213"]
[Site "Slovakia"]
[Date "2012.12.16"]
[Round "5.4"]
[White "Slobodnik, Michal"]
[Black "Dubecky, Ladislav"]
[Result "1-0"]
[WhiteElo "1785"]
[BlackElo "1557"]
[PlyCount "69"]
[EventDate "2012.10.14"]
[EventType "team-tourn"]
[EventRounds "11"]
[EventCountry "SVK"]
[SourceTitle "EXT 2022"]
[Source "ChessBase"]
[SourceDate "2021.10.06"]
[SourceVersion "1"]
[SourceVersionDate "2021.10.06"]
[SourceQuality "1"]
[WhiteTeam "Modranka Komplet Juniors"]
[BlackTeam "Kopcany"]
[WhiteTeamCountry "SVK"]
[BlackTeamCountry "SVK"]

1. b3 Nf6 2. Bb2 e6 3. Nf3 d5 4. g3 c5 5. Bg2 Be7 6. 0-0 0-0 7. Nc3 Nc6 8. d4 Bd7 9. e3 a6 10. Ne5 Nxe5 11. dxe5 Ne8 12. Ne2 Bb5 13. a4 Bc6 14. c4 Nc7 15. Qc2 b5 16. Rfd1 bxa4 17. bxa4 Rb8 18. Bc3 Qe8 19. Ba5 Qc8 20. Rab1 Rd8 21. Rxb8 Qxb8 22. Rb1 Qa7 23. Bb6 Qb7 24. Bxc5 Bxa4 25. Rxb7 Bxc2 26. Rxc7 Bxc5 27. Rxc5 dxc4 28. Nd4 Bd3 29. Bb7 Rb8 30. Bxa6 Rb1+ 31. Kg2 Bf1+ 32. Kf3 h5 33. Bxc4 Bh3 34. Rc8+ Kh7 35. Bd3+ 1-0